1446 1454 1317 1988 1704 1938 1927 1038 1746 1987 1290 1239 1065 1060 1928 1810 1009 1376 1650 1457 1429 1190 1896 1363 1901 1680 1455 1259 1415 1878 1326 1717 1952 1662 1456 1956 1512 1241 1375 1049 1954 1468 1649 1930 1046 1408 1495 1709 1216 1047 1488 1558 1150 1409 1404 1803 1188 1767 1998 1902 1503 1417 1434 1444 1495 1323 1496 1985 1680 1172 1852 1441 1244 1878 1905 1285 1090 1405 1827 1173 1341 1305 1377 1483 1683 1140 1629 1575 1790 1115 1233 1101 1101 1847 1355 1250 1517 1533 1846 BCNSPRNW ULIB Ver.6.0+V

เปลี่ยนเป็นภาษาไทย

Change to English
 แสดงรายละเอียดบรรณานุกรม
  กลับหน้าหลัก

Brief Record : Get Marc (ISO 2709) : E-mail record : QR code < ปิดหน้าต่าง
LEADER : 00000nam 2200000uu 4500
001    13399111791
003     ULIB
008    110708s2545||||th 000 0 tha d
020    9746137824 (ล2)
060 04 WY157^bม246ก ล2
110 2  มหาวิทยาลัยสุโขทัยธรรมาธิราช. ^bสาขาวิชาวิทยาศาสตร์สุขภาพ
245 10 กรณีเลือกสรรการพยาบาลมารดาทารกและการพยาบาลจิตเวช =^bSelected case study on maternal and child nursing and psychiatric nursing /^cสาขาวิชาวิทยาศาสตร์สุขภาพ มหาวิทยาลัยสุโขทัยธรรมาธิราช
246 31 Selected case study on maternal and child nursing andpsychiatric nursing
250    พิมพ์ครั้งที่ 14
260    [นนทบุรี] :^bสำนักพิมพ์มหาวิทยาลัยสุโขทัยธรรมาธิราช,^c2545
300    2 เล่ม :^bภาพประกอบ :^b30 ซม.
500    "เอกสารการสอนชุดวิชา 51401 หน่วยที่ 8-15" -หน้าปกใน
650  4 การพยาบาลกุมารเวชศาสตร์^xการศึกษาเฉพาะกรณี
650  4 การพยาบาลจิตเวชศาสตร์^xการศึกษาเฉพาะกรณี
650  4 การพยาบาลสูติศาสตร์^xการศึกษาเฉพาะกรณี
945    ^p0^l0^i18303
945    ^p0^l0^i18304
945    ^p0^l0^i030745
945    ^p0^l0^i030746
945    ^p0^l0^i030747
945    ^p0^l0^i030748
945    ^p0^l0^i030749
995    กัณชพร
999 ^a ใช้งานได้ทุกระบบ
รายการนี้ยังไม่มีแท็ก
คุณยังไม่ได้ล็อกอิน คุณสามารถมีกิจกรรมร่วมกับเว็บไซต์ได้ แต่ต้องล็อกอินก่อน ::
  ล็อกอิน

รายการสื่อสารสนเทศ

ลำดับที่ ประเภท เลขเรียก/บาร์โค้ด สถานที่ สถานะ
- ไม่พบข้อมูล -

BibComment


ยังไม่เคยถูกคอมเมนท์

คอมเมนท์ทรัพยากรรายการนี้
  คอมเมนท์: กรณีเลือกสรรการพย..


 Copyright 2026. Bcnsprnw @Library